MDQL
is popping MORE tags! Check the
thread
!
Quizzes
Events
Quiz Creation
Community
Videos
Private Events
Remove Ads
Sign In
Join for FREE
Feedback
Dark Mode
Quiz Categories
Sports
Geography
Music
Movies
Television
Just For Fun
Miscellaneous
History
Literature
Language
Science
Gaming
Entertainment
Religion
Holiday
For Kids
Quiz Lab
Recent
Popular Today
Quiz Kudos Today
Editor Picks
Curator Picks
Quizzes by...
Day
Popularity
Type
Ratings
Length
Year
Community
Subscriptions
Recent Discussions
Orange Saloon
Badges
Playlists
Quests
Create
Leaderboards
Showdown
Live 5
Trivia Bingo
Activity
Puzzle Library
Sporcle Events
Private Events
Virtual Trivia
Globe League
Become a Host
Pub Owners
SporcleCon
Opinionation
Our Games
Videos
Blog
Mobile Apps
Partnerships
Remove Ads and Go Orange
Feedback
Sports
Athletes
MLB
NBA
NHL
NFL
Soccer
Sports Teams
WWE
NCAA
Football
Premier League
Basketball
Baseball
Hockey
Golf
Tennis
Cricket
Rugby
Auto Racing
Olympics
World Cup
Sports
Athletes
MLB
NBA
NHL
NFL
Soccer
Sports Teams
WWE
NCAA
Football
Premier League
Basketball
Baseball
Hockey
Golf
Tennis
Cricket
Rugby
Auto Racing
Olympics
World Cup
Random Quiz
Search Sporcle
×
Quiz Lab
Quiz Lab
Sports
UFC
Type in answers that appear in a list
Type in answers that appear in a list
Classic
Best Score? Go Orange.
UFC Fighters from events 90-99 Stats
Can you name the Fighters who fought in UFC events 90-99?
By
JLKeip
12m
165 Questions
140 Plays
140 Plays
140 Plays
Comments
Comments
Give Quiz Kudos
Give Quiz Kudos
-
- Ratings
hide this ad
Replay
Link that replays current quiz
Next Quiz
Link to next quiz in quiz playlist
You Got
0%
They Got
Avg Score
35%
Avg Friend Score
Upgrade to see
Score Distribution
Jump to the score distribution portion of the page
Score
0/165
Timer
12:00
0
Plays Today
weight class(es)
Fighter
% Correct
Middle
Anderson Silva
94.3%
Light Heavy
Wanderlei Silva
93.6%
Light Heavy
Thiago Silva
92.9%
Heavy
Brock Lesnar
92.1%
Heavy
Frank Mir
87.9%
Heavy
Randy Couture
87.9%
Welter
BJ Penn
85%
Light Heavy
Queiton Jackson
84.3%
Light Heavy
Forrest Griffin
83.6%
Welter
Georges St-Pierre
83.6%
Light
Tyson Griffin
82.9%
Light Heavy
Chuck Liddell
81.4%
Middle
Rich Franklin
81.4%
Light Heavy
Rashad Evans
80.7%
Heavy
Shane Carwin
79.3%
Welter
Matt Hughes
77.9%
Light
Diego Sanchez
75.7%
Light Heavy
Mauricio Rua
74.3%
Welter
Josh Koscheck
73.6%
Heavy
Minotauro Nogueira
72.1%
Light Heavy
Lyoto Machida
72.1%
Middle
Dan Henderson
72.1%
Heavy
Cain Velasquez
70%
Heavy
Mirko CroCop
68.6%
Heavy
Cheick Kongo
67.9%
Welter
Thiago Alves
67.9%
Light
Kenny Florian
67.1%
Light
Joe Stevenson
66.4%
Heavy
Gabriel Gonzaga
65.7%
Light
Frankie Edgar
65.7%
Light Heavy
Jon Jones
65.7%
Light Heavy
Keith Jardine
62.1%
Welter
Dan Hardy
59.3%
Light
Gray Maynard
58.6%
Light
Sean Sherk
58.6%
Light
Nate Diaz
57.9%
Light Heavy
Stephan Bonnar
57.9%
Light
Clay Guida
57.1%
Welter
Jon Fitch
57.1%
Welter
Matt Serra
56.4%
Middle
Nate Marquardt
55%
Heavy
Stefan Struve
52.9%
Welter
Marcus Davis
52.9%
Light Heavy
Mark Coleman
52.1%
Light Heavy
Matt Hamill
50%
Middle
Demian Maia
50%
Light
Jim Miller
49.3%
Middle
Dan Miller
49.3%
Welter
Mike Swick
49.3%
Middle
Patrick Cote
47.1%
Light Heavy
Brandon Vera
46.4%
Middle
Chael Sonnen
45.7%
Heavy
Fabricio Werdum
44.3%
Heavy
Junior Dos Santos
44.3%
Welter
Chris Lytle
44.3%
weight class(es)
Fighter
% Correct
Light
Spencer Fisher
43.6%
Middle
Kendall Grove
43.6%
Heavy
Neil Grove
42.9%
Heavy
Pat Barry
42.1%
Heavy
Antoni Hardonk
41.4%
Welter
Paulo Thiago
40.7%
Middle
Nate Quarry
40%
Middle
Thales Leites
40%
Middle
Alan Belcher
39.3%
Welter
Matt Brown
39.3%
Welter
Paul Taylor
37.1%
Welter
Dong Hyun Kim
35.7%
Middle
Mark Munoz
35%
Welter
Karo Parisyan
34.3%
Welter
Martin Kampmann
33.6%
Light
Paul Kelly
32.9%
Light
Sam Stout
32.9%
Light
Matt Wiman
32.1%
Light
Dennis Siver
31.4%
Light
Caol Uno
30.7%
Light
Jeremy Stephens
30.7%
Welter
Ben Saunders
30.7%
Light
Evan Dunham
30%
Light Heavy
Brian Stann
29.3%
Middle
Rousimar Palhares
28.6%
Welter
Pete Sell
28.6%
Light Heavy
Krzysztof Soszynski
27.9%
Middle
Denis Kang
27.9%
Middle
Jason MacDonald
27.9%
Welter
John Hathaway
27.1%
Heavy
Josh Hendricks
26.4%
Light
Terry Etim
26.4%
Welter
Dustin Hazelett
26.4%
Heavy
Mostapha Al Turk
25.7%
Welter
Rory Markham
25.7%
Light
Hermes Franca
25%
Light Heavy
Steve Cantwell
25%
Middle
CB Dollaway
25%
Middle
Ed Herman
24.3%
Heavy
Denis Stojnic
22.9%
Heavy
Tim Hague
22.9%
Light
Thiago Tavares
22.9%
Light Heavy
Luiz Cane
22.9%
Middle
Jeremy Horn
22.9%
Middle
Wilson Gouveia
22.9%
Light Heavy
Jake O'Brien
22.1%
Welter
Josh Burkman
22.1%
Welter
John Howard
21.4%
Welter
Ryo Chonan
21.4%
Light
Rafael Dos Anjos
20.7%
Middle
Drew McFedries
20.7%
Welter
Akihiro Gono
20.7%
Welter
Rick Story
20.7%
Middle
Mike Massenzio
20%
Welter
Yoshiyuki Yoshida
20%
weight class(es)
Fighter
% Correct
Light
Manny Gamburyan
18.6%
Light
Shannon Gugerty
18.6%
Light
Rich Clementi
17.9%
Light
Mark Bocek
17.1%
Light Heavy
Reese Andy
16.4%
Middle
Xavier Foupa-Pokam
16.4%
Welter
Tom Egan
16.4%
Welter
Tamdan McCrory
15.7%
Heavy
Dan Evensen
15%
Light
Aaron Riley
15%
Light
Per Eklund
15%
Middle
Dean Lister
15%
Welter
Ryan Thomas
15%
Middle
David Loiseau
14.3%
Welter
Chris Wilson
14.3%
Light Heavy
Eliot Marshall
13.6%
Light Heavy
Tim Boetsch
13.6%
Welter
Mike Pyle
13.6%
Light
Alvin Robinson
12.9%
Light
Brian Cobb
12.9%
Light
George Roop
12.9%
Light
Jorge Gurgel
12.9%
Light
Marcus Aurelio
12.9%
Light Heavy
Andre Gusmao
12.9%
Middle
Jason Day
12.9%
Heavy
Mike Ciesnolevicz
12.1%
Light Heavy
Christian Wellisch
12.1%
Welter
Brad Blackburn
12.1%
Welter
Matt Arroyo
12.1%
Welter
Peter Sobotta
12.1%
Welter
TJ Grant
12.1%
Light
Dave Kaplan
11.4%
Welter
Brock Larson
11.4%
Light
Phillipe Nover
10.7%
Heavy
Mike Wessel
10%
Light Heavy
Eric Schafer
10%
Middle
Tomasz Drwal
10%
Welter
Alexandre Barros
10%
Light
David Bielkheden
9.3%
Light
Kyle Bradley
9.3%
Light
Troy Mandaloniz
9.3%
Light
Justin Buchholz
8.6%
Light
Nate Mohr
8.6%
Middle
Ivan Serati
7.9%
Light Heavy
Vinicius Magalhaes
7.1%
Welter
Dan Cramer
7.1%
Light Heavy
Antonio Mendes
6.4%
Light
Rolando Delgado
5.7%
Welter
Ryan Madigan
5%
Middle
Matt Horwich
4.3%
Welter
Brandon Wolff
2.9%
Light
Dale Hartt
2.1%
Middle
Yushin Oakmi
1.4%
Light Heavy
Jason Britz
0.7%
Light Heavy
Michael Pitt
0.7%
Quiz Playlist
Details
Report
Send in Message
Add To Playlist
Classic:
Type in answers that appear in a list
Quiz Source
Last Updated: Feb 16, 2017
Quiz Scoreboard
CHALLENGE
Sign Up to Join the Scoreboard
Show All
Scores
Hide
Comments
May contain spoilers
Recently Published
Image Sorting: Flags VI
by Barbecue
Geography
2m
Find the 'City' Movie
by crazypaving
Movies
60s
5x2 Blitz: Bands
by SL_Kpop136
Music
30s
More to Explore
Quiz From the Vault
Featured Blog Post
14 Easter Pick-up Lines to Find Eggs With
hide this ad
You Might Also Like...
Tags
1990s
class
Event
Fighter
fought
MMA
UFC
Weight
Today's Top Quizzes in Sports
Browse Sports
hide this ad
Today's Top Quizzes in UFC
Browse UFC
Top Contributed Quizzes in Sports
1
Les meilleurs buteurs des matchs entre le PSG et l’OM
2
Les entraîneurs de l'OM et du PSG au 21e siècle
3
Les joueurs passés par le PSG et l'OM
4
2022 World Cup Stars
5
Players with Multiple 50 Home Run Seasons
6
Criteria MLB: Left Handed Sluggers
7
MLB Players with Two .350 Batting Average Seasons
8
Les joueurs passés par le LOSC et le RC Lens
9
NBA Logic Puzzle 2.0
10
Top 10 NHL Goal Scorers of All Time
Explore More
Trending Topics
Disney
Marvel
Kpop
Anime
Crossword
Harry Potter
NBA
Puzzle
WWE
Pokémon
NFL
The Office
Soccer
Country
Song
hide this ad
More By:
JLKeip
Quiz
Plays
Rating
Category
Featured
Created
NFL Last Four 1000-Yard Rushers
277,741
4.51
Sports
May 4, 2010
NFL Top 10 QB/RB/WR (2000s)
263,218
4.36
Sports
Oct 14, 2010
NFL Top 10 QB/RB/WR (1990s)
43,388
4.32
Sports
Mar 29, 2010
Scrabble Tile Values
28,330
4.38
Gaming
Mar 30, 2010
MLB - 8.0+ WAR by team
6,801
4.11
Sports
Oct 3, 2010
Go to Creator's Profile
Score Distribution
Quiz Creator Spotlight
JLKeip
Follow
Send a Message
Quizzes Created
-
Created Quiz Play Count
-
More By This Creator
Popular Quizzes Today
1
Colored Red Africa Blitz
2
Find the US States - No Outlines Minefield
3
Find the 'City' Movie
4
5x2 Blitz: Bands
5
The Countries of the World
6
Find the US States
7
Find the Countries of Europe - No Outlines Minefield
8
US States
More Sports Quizzes
100 Best Players in the World 2011 - Four Four Two
Quiz Lab
Trending Quizzes
Colored Red Europe Blitz I
Colored Red Europe Blitz II
Colored Red Africa Blitz II
Colored Red Europe Blitz III
Colored Red Africa Blitz III
Recently Updated
How Do You Spell That?
pecheneg
Godzilla Movies
pecheneg
Grab Bag: 4-10 Letters
pecheneg
2024 March Madness Bracket
pecheneg
Famous TV Couples
Peacemaker
Champions League XIs: Real Madrid
pecheneg
Largest US Cities 1790-2010
pecheneg
Rides in Walt Disney World
pecheneg
Most Oscar Losses (Acting)
pecheneg
Beyoncé Albums
pecheneg
Trending Topics
NBA
Harry Potter
Anime
Kpop
Crossword
Disney
Marvel
WWE
NFL
Country
Soccer
Pokémon
Song
Puzzle
The Office
Your Account Isn't Verified!
In order to create a playlist on Sporcle, you need to verify the email address you used during registration. Go to your
Sporcle Settings
to finish the process.
Report this User
Report this user for behavior that violates our
Community Guidelines
.
Details:
Send Report
Go to the Sporcle.com Mobile Site →
Comments